000 00787nam a2200229Ia 4500
001 1578
003 GE_BSU
008 181216s||||||||xx |||||||||||||| ||und||
040 _cGE_BSU
080 _a621.43(075.3)+629(075.3)
100 _aХовах,М.С. Маслов,Г.С.
245 _aАвтомобильные двигатели.Теория,расчет и конструкция двигателей внутреннего сгорания.
245 _bУчебник для техникумов.
250 _aИзд. 2-е, перераб. и. доп.
260 _aМ.
260 _bМашиностроение.
260 _c1971.
300 _a455 стр. 21 см.
541 _h10л.
653 _aАвтомобильные двигатели.
942 _cBK
999 _c35705
_d35705